Using wikis for online collaboration :(E-BOOK) (Record no. 213294)

000 -LEADER
fixed length control field 01225 a2200289 4500
003 - CONTROL NUMBER IDENTIFIER
control field Nust
005 - DATE AND TIME OF LATEST TRANSACTION
control field 20170207165831.0
010 ## - LIBRARY OF CONGRESS CONTROL NUMBER
LC control number 2008038210
020 ## - INTERNATIONAL STANDARD BOOK NUMBER
International Standard Book Number 0470343338 (pbk.)
020 ## - INTERNATIONAL STANDARD BOOK NUMBER
International Standard Book Number 9780470343333 (pbk.)
035 ## - SYSTEM CONTROL NUMBER
System control number (OCoLC)ocn230181482
040 ## - CATALOGING SOURCE
Transcribing agency Nust
082 00 - DEWEY DECIMAL CLASSIFICATION NUMBER
Classification number 371.3344693
100 1# - MAIN ENTRY--PERSONAL NAME
Personal name West, James A.
245 10 - TITLE STATEMENT
Title Using wikis for online collaboration :(E-BOOK)
Remainder of title the power of the read-write Web /
Statement of responsibility, etc. James A. West, Margaret L. West.
250 ## - EDITION STATEMENT
Edition statement 1st ed.
260 ## - PUBLICATION, DISTRIBUTION, ETC.
Place of publication, distribution, etc. San Francisco, CA :
Name of publisher, distributor, etc. Jossey-Bass,
Date of publication, distribution, etc. c2009.
300 ## - PHYSICAL DESCRIPTION
Extent xviii, 142 p. :
Other physical details ill. ;
Dimensions 24 cm.
490 1# - SERIES STATEMENT
Series statement Jossey-Bass guides to online teaching and learning
505 0# - FORMATTED CONTENTS NOTE
Formatted contents note Getting Ready to Wiki (page-1). Designing Wiki Projects for Collaborative Learning (page-21). Wiki Projects for Knowledge Construction (page-59). FOUR Wiki Projects for Critical Thinking (page-79). Wiki Projects for Contextual Application (page-101). Wikis Today and Tomorrow (page-125)
650 #0 - SUBJECT ADDED ENTRY--TOPICAL TERM
Topical term or geographic name entry element Computer-assisted instruction.
650 #0 - SUBJECT ADDED ENTRY--TOPICAL TERM
Topical term or geographic name entry element Electronic encyclopedias.
650 #0 - SUBJECT ADDED ENTRY--TOPICAL TERM
Topical term or geographic name entry element Internet in education.
650 #0 - SUBJECT ADDED ENTRY--TOPICAL TERM
Topical term or geographic name entry element User-generated content.
700 1# - ADDED ENTRY--PERSONAL NAME
Personal name West, Margaret L.,
Dates associated with a name 1962-
830 #0 - SERIES ADDED ENTRY--UNIFORM TITLE
Uniform title Jossey-Bass guides to online teaching and learning.
942 ## - ADDED ENTRY ELEMENTS (KOHA)
Source of classification or shelving scheme
Koha item type Book
Holdings
Withdrawn status Lost status Source of classification or shelving scheme Damaged status Not for loan Collection code Permanent Location Current Location Date acquired Total Checkouts Full call number Barcode Date last seen Price effective from Koha item type
            Military College of Signals (MCS) Military College of Signals (MCS) 12/12/2016   371.3344693 WES MCSEB-3272 12/08/2016 12/12/2016 Book
© 2023 Central Library, National University of Sciences and Technology. All Rights Reserved.